<?xml version="1.0" encoding="UTF-8"?>
<collection xmlns="http://www.loc.gov/MARC21/slim">
 <record>
  <leader>01087nam a22001937i 4500</leader>
  <controlfield tag="001">000729317</controlfield>
  <controlfield tag="008">260109s1912    ??     fr     000 0 cze?d</controlfield>
  <datafield tag="STA" ind1=" " ind2=" ">
   <subfield code="a">Rychlá katalogizace</subfield>
  </datafield>
  <datafield tag="100" ind1=" " ind2=" ">
   <subfield code="a">Comte, Auguste</subfield>
  </datafield>
  <datafield tag="245" ind1=" " ind2="0">
   <subfield code="a">Système de politique positive, ou, Traité de sociologie, instituant la religion de l'humanité</subfield>
  </datafield>
  <datafield tag="250" ind1=" " ind2=" ">
   <subfield code="a">Quatrième édition</subfield>
  </datafield>
  <datafield tag="264" ind1=" " ind2="1">
   <subfield code="a">Paris</subfield>
   <subfield code="b">Georges Crès</subfield>
   <subfield code="c">1912</subfield>
  </datafield>
  <datafield tag="300" ind1=" " ind2=" ">
   <subfield code="a">více svazků</subfield>
  </datafield>
  <datafield tag="NOT" ind1="E" ind2="1">
   <subfield code="a">edice: Librairie positiviste</subfield>
  </datafield>
  <datafield tag="996" ind1=" " ind2=" ">
   <subfield code="1">PDPZ1</subfield>
   <subfield code="3">FP12342/II</subfield>
   <subfield code="4">PC=11/34;SI=4F4098</subfield>
   <subfield code="5">3142377365</subfield>
   <subfield code="7">Tome deuxième</subfield>
   <subfield code="8">20260109</subfield>
   <subfield code="f">95</subfield>
   <subfield code="h">Tome deuxième</subfield>
   <subfield code="l">UEP01</subfield>
   <subfield code="m">BOOK</subfield>
   <subfield code="q">Knihovna Žižkov depoz. 1</subfield>
   <subfield code="t">prezenční - lze objednat</subfield>
   <subfield code="u">UEP01</subfield>
   <subfield code="w">20260109</subfield>
  </datafield>
  <datafield tag="996" ind1=" " ind2=" ">
   <subfield code="1">PDPZ1</subfield>
   <subfield code="3">FP12342/III</subfield>
   <subfield code="4">PC=11/34;SI=4F4098</subfield>
   <subfield code="5">3142377366</subfield>
   <subfield code="7">Tome troisième</subfield>
   <subfield code="8">20260109</subfield>
   <subfield code="f">95</subfield>
   <subfield code="h">Tome troisième</subfield>
   <subfield code="l">UEP01</subfield>
   <subfield code="m">BOOK</subfield>
   <subfield code="q">Knihovna Žižkov depoz. 1</subfield>
   <subfield code="t">prezenční - lze objednat</subfield>
   <subfield code="u">UEP01</subfield>
   <subfield code="w">20260109</subfield>
  </datafield>
  <datafield tag="996" ind1=" " ind2=" ">
   <subfield code="1">PDPZ1</subfield>
   <subfield code="3">FP12342/IV</subfield>
   <subfield code="4">PC=11/34;SI=4F4098</subfield>
   <subfield code="5">3142377367</subfield>
   <subfield code="7">Tome quatrième</subfield>
   <subfield code="8">20260109</subfield>
   <subfield code="f">95</subfield>
   <subfield code="h">Tome quatrième</subfield>
   <subfield code="l">UEP01</subfield>
   <subfield code="m">BOOK</subfield>
   <subfield code="q">Knihovna Žižkov depoz. 1</subfield>
   <subfield code="t">prezenční - lze objednat</subfield>
   <subfield code="u">UEP01</subfield>
   <subfield code="w">20260109</subfield>
  </datafield>
 </record>
</collection>
